=LDR 00000nam 2200000 4500 =001 INLIS000000000040086 =005 20220412014948 =035 ##$$a 0010-061300000040086 =008 220412################g##########0#ind## =041 ##$$a Ind =082 ##$$a 2X3 =090 ##$$a 2X3, Mar t =100 ##$$a Al-Marzuqi,Sayid Ahmad =245 1#$$a Terjemah dan syarah Aqidatul Awam /$c Sayid Ahmad Al-Marzuqi =260 ##$$a Surabaya :$b Al-Hidayah,$c 2002 =300 ##$$a vii, 87 hlm. ; $c 19 x 14 cm. =850 ##$$a NBPNMAT =084 ##$$a 2X3 Mar t =650 #4$$a Aqidatul Awam =990 ##$$a 171.557/Pro-2002